Datum a čas kvízu
30
Celkem bodů
Celkový počet nahraných bodů na tomto kvízu bez doplňovacích otázek.
1.
Pořadí na kvízu
Konečné umístění týmu na tomto kvízu.
Zaznamenané odpovědi
| # | Otázka | Odpověď | Body | Výsledky |
|---|---|---|---|---|
| 1. | Ve Všetatech na Mělnicku byl v... | Jan Palach | 1 | |
| 2. | Americká společnost Johnson &... | narostla mu prsa | 0 | |
| 3. | Známá australská zpěvačka se m... | Natalie Imbruglia | 1 | |
| 4. | Společnost Adobe minulý týden... | Venezuela | 1 | |
| 5. | Jedna z německých fotbalových... | Bastian Schweinsteiger | 0 | |
| 6. | Téma o Brazílii zvítězilo ve f... | USA, Čína | 0 | |
| 7. | Pokud bychom chtěli v říjnu 20... | v Curychu | 1 | |
| 8. | Věříme, že většina z Vás bude... | Paulo Coelho, Jorge Amado | 0.5 | |
| 9. | Především venkovská brazilská... | maniok | 0 | |
| 10. | Co se týče slavných osobností,... | Alessandra Ambrosio | 1 |